[Event "Druzynowe Mistrzostwa Polski Ekstraliga"]
[Site "Gorzow Wlkp. - Wroclaw - Katowice"]
[Date "1899-12-30"]
[Round "1.1"]
[White "Lupulescu, Constantin"]
[Black "Mista, Aleksander"]
[Result "1/2-1/2"]
[WhiteTitle "GM"]
[BlackTitle "GM"]
[WhiteElo "2631"]
[BlackElo "2606"]

1. c4 Nf6 2. Nc3 c5 3. Nf3 Nc6 4. d4 cxd4 5. Nxd4 g6 6. e4 d6 7. Be2 Nxd4 8. Qxd4
Bg7 9. Be3 O-O 10. Qd2 a5 11. O-O a4 12. f3 Qa5 13. Rac1 Be6 14. Nd5 Qxd2 15.
Nxe7+ Kh8 16. Bxd2 Rfe8 17. Nd5 Nxd5 18. cxd5 Bxd5 19. Bb5 Re5 20. Bc4 Bxc4 21.
Rxc4 Rc5 22. Rxc5 Bd4+ 23. Kh1 dxc5 24. Bc3 a3 25. Rb1 Kg7 26. Bxd4+ cxd4 27.
Kg1 Kf6 28. bxa3 Rxa3 29. Rxb7 Rxa2 30. Rd7 Rd2 31. h4 h5 32. Rd5 Ke5 1/2-1/2

[Event "Druzynowe Mistrzostwa Polski Ekstraliga"]
[Site "Gorzow Wlkp. - Wroclaw - Katowice"]
[Date "1899-12-30"]
[Round "1.2"]
[White "Kempinski, Robert"]
[Black "Vovk, Yuri"]
[Result "1/2-1/2"]
[WhiteTitle "GM"]
[BlackTitle "GM"]
[WhiteElo "2586"]
[BlackElo "2600"]

1. Nf3 Nf6 2. c4 b6 3. g3 c5 4. Bg2 Bb7 5. O-O g6 6. Nc3 Bg7 7. Re1 d5 8. d4 dxc4
9. Qa4+ Nbd7 10. dxc5 Qc8 11. Qxc4 Nxc5 12. Be3 Nce4 13. Qxc8+ Rxc8 14. Nd2 Nd6
15. Bxb7 Nxb7 16. Rac1 O-O 17. Bd4 Rfd8 18. Nf3 Na5 19. e4 Nc6 20. Bxf6 Bxf6 21.
Nd5 Kf8 22. Nxf6 exf6 23. a3 Ne5 24. Nxe5 fxe5 25. Rxc8 Rxc8 26. Re2 Rc1+ 27.
Kg2 Ke7 28. Rd2 h5 29. h4 f6 30. Kf3 Rb1 31. Ke3 Re1+ 32. Kf3 g5 33. hxg5 fxg5
34. Rc2 g4+ 35. Kg2 Kd7 36. Rc4 Rd1 37. Rc2 Re1 38. Rc4 Re2 39. Rb4 Kc6 40. a4
Rc2 41. Rb5 Rc5 42. Rb4 a5 43. Rb3 Rc4 44. Rb5 Rxe4 45. b3 Rb4 46. Rxe5 Rxb3 47.
Rxh5 Ra3 48. Rh6+ Kb7 49. f3 Ra2+ 50. Kf1 gxf3 51. Rh4 Rg2 52. Rg4 Kc6 53. Ke1
Kc5 54. Kf1 Kd5 55. Ke1 Ke5 56. Kf1 Rb2 57. Rh4 Ke6 58. Rf4 Ra2 59. Ke1 Kd5 60.
Kf1 Kc5 61. Ke1 Re2+ 62. Kf1 Ra2 63. Ke1 Kc6 64. Kf1 Kd7 65. Ke1 Ke6 66. Kf1 b5
67. axb5 Rb2 68. Rxf3 Kd5 69. Rf5+ Ke4 70. Rf4+ Kd3 71. g4 Rxb5 72. Kg2 Kc3 73.
Kg3 Kb3 74. Rf3+ Ka2 75. Rf4 Rc5 76. Kh4 Kb3 77. g5 a4 78. g6 Rc6 79. g7 Rg6 80.
Rg4 Rxg7 81. Rxg7 a3 82. Rb7+ Kc2 83. Ra7 Kb2 84. Rb7+ Kc2 85. Ra7 Kb2 1/2-1/2

[Event "Druzynowe Mistrzostwa Polski Ekstraliga"]
[Site "Gorzow Wlkp. - Wroclaw - Katowice"]
[Date "1899-12-30"]
[Round "1.4"]
[White "Sieciechowicz, Marcin"]
[Black "Cukrowski, Filip"]
[Result "1/2-1/2"]
[WhiteTitle "IM"]
[BlackTitle "FM"]
[WhiteElo "2409"]
[BlackElo "2431"]

1. d4 Nf6 2. c4 e6 3. Nc3 Bb4 4. e3 c5 5. Nge2 O-O 6. a3 Bxc3+ 7. Nxc3 b6 8. d5
exd5 9. cxd5 d6 10. Be2 Ba6 11. Bxa6 Nxa6 12. O-O Qd7 13. Qd3 Nc7 14. e4 b5 15.
b4 c4 16. Qd4 Rfe8 17. Bb2 a5 18. f4 Na6 19. e5 Nh5 20. e6 fxe6 21. dxe6 Qxe6
22. Rae1 Qf5 23. Rxe8+ Rxe8 24. Qxd6 axb4 25. axb4 Qe6 26. Qxe6+ Rxe6 27. g4 Rg6
28. h3 Nxb4 29. f5 Ra6 30. gxh5 Nd3 31. Ba1 b4 32. Nd5 c3 33. Nxc3 bxc3 34. Bxc3
Rc6 35. Bd2 Rc2 36. Be3 Re2 37. Rf3 Re1+ 38. Kh2 Re2+ 39. Kg1 Re1+ 40. Kg2 Re2+
41. Kh1 Re1+ 42. Bg1 Ne5 43. Rg3 Kf7 44. Kg2 Kf6 45. Ra3 1/2-1/2

[Event "Druzynowe Mistrzostwa Polski Ekstraliga"]
[Site "Gorzow Wlkp. - Wroclaw - Katowice"]
[Date "1899-12-30"]
[Round "1.7"]
[White "Dziuba, Marcin"]
[Black "Wojtaszek, Radoslaw"]
[Result "0-1"]
[WhiteTitle "GM"]
[BlackTitle "GM"]
[WhiteElo "2556"]
[BlackElo "2734"]

1. Nf3 c5 2. c3 Nf6 3. d4 e6 4. e3 d5 5. Nbd2 Nbd7 6. Bd3 Bd6 7. O-O O-O 8. e4
cxd4 9. cxd4 dxe4 10. Nxe4 Nxe4 11. Bxe4 h6 12. Bc2 b6 13. Qd3 Nf6 14. Ne5 Bb7
15. Qg3 Be4 16. Bb3 Kh8 17. Bf4 Nh5 18. Qe3 Nxf4 19. Qxe4 Bxe5 20. dxe5 Qd4 21.
Bc2 Qxe4 22. Bxe4 Ne2+ 23. Kh1 Rad8 24. Rfd1 f6 25. exf6 gxf6 26. g3 Kg7 27. Bd3
Nd4 28. Rac1 Rf7 29. Kg2 Rfd7 30. Bf1 e5 31. Rc3 f5 32. Rdc1 Kf6 33. Rc7 e4 34.
b4 Ke5 35. Rxd7 Rxd7 36. Rc8 Rd6 37. a4 Rc6 38. Re8+ Kf6 39. Rd8 Ne6 40. Rd2 f4
41. gxf4 Nxf4+ 42. Kg1 h5 43. Rd8 Rc1 44. Rf8+ Kg5 45. Rg8+ Ng6 46. a5 h4 47.
axb6 axb6 48. h3 Re1 49. Kg2 Kf6 50. Ba6 Rb1 51. Bb7 Rxb4 52. Re8 Nf4+ 53. Kh2
Ne6 54. Kg2 b5 55. Rh8 Nc5 56. Bc6 Rb2 57. Kg1 b4 58. Rxh4 Ke5 59. Rh5+ Kd4 60.
Rd5+ Kc4 61. Rd1 b3 62. Bd5+ Kc3 63. Re1 Kd4 64. Rd1+ Nd3 65. Bg8 Kc3 66. Rf1
Rc2 67. h4 b2 68. Ba2 Rc1 69. h5 Kd2 0-1

[Event "Druzynowe Mistrzostwa Polski Ekstraliga"]
[Site "Gorzow Wlkp. - Wroclaw - Katowice"]
[Date "1899-12-30"]
[Round "1.10"]
[White "Miton, Kamil"]
[Black "Jakubiec, Artur"]
[Result "1/2-1/2"]
[WhiteTitle "GM"]
[BlackTitle "GM"]
[WhiteElo "2618"]
[BlackElo "2500"]

1. e4 e6 2. d4 d5 3. Nd2 Nf6 4. e5 Nfd7 5. Bd3 c5 6. c3 Nc6 7. Ne2 cxd4 8. cxd4
f6 9. exf6 Nxf6 10. Nf3 Bd6 11. O-O O-O 12. Re1 e5 13. dxe5 Nxe5 14. Nxe5 Bxe5
15. h3 Qb6 16. Qb3 Qxb3 17. axb3 Bd7 18. Bf4 Rfe8 19. Bxe5 Rxe5 20. Nd4 Rxe1+
21. Rxe1 a5 22. f3 Kf7 23. Kf2 Rc8 24. g4 h6 25. h4 Ng8 26. Bf5 Bxf5 27. Nxf5
Rc6 28. h5 Rb6 29. Re3 Kf8 30. Ke2 a4 31. bxa4 Rxb2+ 32. Kd3 Ra2 33. Re5 Ra3+
34. Ke2 Ra2+ 35. Ke3 Nf6 36. Re7 d4+ 37. Kxd4 Rxa4+ 38. Ke5 Nxh5 39. Rxb7 Ra5+
40. Kd4 Ra4+ 41. Ke5 Ra5+ 42. Kd4 Ra4+ 43. Ke4 1/2-1/2

[Event "Druzynowe Mistrzostwa Polski Ekstraliga"]
[Site "Gorzow Wlkp. - Wroclaw - Katowice"]
[Date "1899-12-30"]
[Round "1.12"]
[White "Socko, Monika"]
[Black "Jakubiec, Edyta"]
[Result "1-0"]
[WhiteTitle "GM"]
[BlackTitle "WIM"]
[WhiteElo "2481"]
[BlackElo "2233"]

1. e4 c5 2. Nf3 a6 3. c4 e6 4. Nc3 Ne7 5. d4 cxd4 6. Nxd4 Nbc6 7. Nf3 Qc7 8. Be3
Ng6 9. Rc1 Be7 10. Be2 O-O 11. O-O Nf4 12. Re1 Nxe2+ 13. Qxe2 Qa5 14. a3 b5 15.
cxb5 axb5 16. Qxb5 Qxb5 17. Nxb5 Rb8 18. a4 Ba6 19. Red1 Bf6 20. Rxd7 Ne5 21.
Nxe5 Bxe5 22. b4 Bxb5 23. axb5 Rxb5 24. Bc5 Rc8 25. Rcd1 g5 26. Rd8+ Rxd8 27.
Rxd8+ Kg7 28. Rd3 Bc7 29. Kf1 Bb6 30. Bxb6 Rxb6 31. Rb3 Kf6 32. Ke2 Ke5 33. Kd3
Rd6+ 34. Kc4 Rc6+ 35. Kd3 Rd6+ 36. Ke3 Rb6 37. b5 f5 38. f3 h5 39. Kd3 h4 40.
exf5 exf5 41. Ke4+ 1-0

[Event "Druzynowe Mistrzostwa Polski Ekstraliga"]
[Site "Gorzow Wlkp. - Wroclaw - Katowice"]
[Date "1899-12-30"]
[Round "1.13"]
[White "Kryvoruchko, Yuriy"]
[Black "Nasuta, Grzegorz"]
[Result "1-0"]
[WhiteTitle "GM"]
[BlackTitle "IM"]
[WhiteElo "2714"]
[BlackElo "2454"]

1. e4 c5 2. Nf3 d6 3. d4 cxd4 4. Nxd4 Nf6 5. Nc3 a6 6. Be3 e6 7. f3 b5 8. Qd2 b4
9. Na4 Nbd7 10. Bc4 Qa5 11. Bb3 Bb7 12. c4 bxc3 13. Nxc3 Be7 14. O-O O-O 15. Rac1
Kh8 16. a3 Rac8 17. Rfd1 d5 18. exd5 Nxd5 19. Nxd5 Qxd2 20. Bxd2 Bxd5 21. Bxd5
exd5 22. Bc3 Bf6 23. Ne2 Bxc3 24. Rxc3 Nb6 25. b3 Rfe8 26. Rxc8 Rxc8 27. Nf4 Rc5
28. b4 Rb5 29. Re1 g6 30. Nd3 Nc4 31. a4 Rb8 32. Re7 Kg7 33. a5 Na3 34. Rc7 Re8
35. Kf2 d4 36. f4 Re3 37. Ne5 Rb3 38. Rxf7+ Kg8 39. Ra7 d3 40. Rxa6 Rb2+ 41. Kf3
d2 42. Rd6 Nb5 43. Rd8+ Kg7 44. Ke3 Rxb4 45. Rxd2 Ra4 46. Rd7+ Kf6 47. Rf7+ Ke6
48. Rxh7 Ra3+ 49. Nd3 Rxa5 50. Rh6 Kf6 51. Ne5 Ra3+ 52. Kf2 Kf5 53. Nxg6 Nc3 54.
g3 Ne4+ 55. Kg2 Ra2+ 56. Kh3 Ng5+ 57. fxg5 Kxg5 58. Rh4 Kxg6 59. Rb4 Kg5 60. Rb5+
Kg6 61. g4 Kh6 62. Rf5 Kg6 63. Kg3 Ra1 64. Rb5 Ra6 65. Rb3 Rc6 66. h4 Kh6 67.
h5 Rc5 68. Rb6+ Kh7 69. Kh4 Rc4 70. h6 Rc1 71. Kh5 Rc5+ 72. g5 Ra5 73. Rb7+ Kh8
74. Re7 Kg8 75. Kg6 Ra6+ 76. Kf5 Ra1 77. g6 Rf1+ 78. Ke6 Re1+ 79. Kd6 Rd1+ 80.
Kc5 Rc1+ 81. Kb4 Rb1+ 82. Kc3 Rc1+ 83. Kd2 Rc8 84. Kd3 Rd8+ 85. Kc4 Kh8 86. Kc5
Ra8 87. Kb6 Rd8 88. Kb7 Kg8 89. Rc7 1-0

[Event "Druzynowe Mistrzostwa Polski Ekstraliga"]
[Site "Gorzow Wlkp. - Wroclaw - Katowice"]
[Date "1899-12-30"]
[Round "1.14"]
[White "Piesik, Piotr"]
[Black "Piorun, Kacper"]
[Result "1/2-1/2"]
[WhiteTitle "FM"]
[BlackTitle "GM"]
[WhiteElo "2337"]
[BlackElo "2638"]

1. e4 c6 2. d3 d5 3. Nd2 g6 4. g3 Bg7 5. Bg2 Nf6 6. Ngf3 O-O 7. O-O Na6 8. Qe2
dxe4 9. Nxe4 Nxe4 10. dxe4 Nc5 11. Rd1 Qa5 12. Nd4 e5 13. Bd2 Qa4 14. Nb3 Ne6
15. Bf1 a5 16. c3 b6 17. Be3 Ba6 18. Qc2 Bxf1 19. Kxf1 f5 20. Nd4 Qxc2 21. Nxc2
f4 22. gxf4 exf4 23. Bd4 Ng5 24. Bxg7 Kxg7 25. Rd6 Rf6 26. e5 Rxd6 27. exd6 Rd8
28. Rd1 Nf7 29. d7 Kf6 30. b4 Ne5 31. b5 c5 32. Rd6+ Ke7 33. Rxb6 Rxd7 34. Ke1
Rd3 35. Rb7+ Kd6 36. Rxh7 Rxc3 37. Kd2 Rf3 38. Ke2 Rc3 39. Kd2 Rd3+ 40. Kc1 Rf3
41. b6 Rxf2 42. b7 Nc6 43. Na3 Nb8 44. Nc4+ Kc6 45. Nxa5+ Kb6 46. Nc4+ Ka7 47.
Nd2 g5 48. h3 Rg2 49. a4 Nc6 50. Ne4 f3 51. Rf7 Nd4 52. a5 Re2 53. Nd2 c4 54.
Nxf3 Nxf3 55. Rxf3 Kxb7 1/2-1/2

[Event "Druzynowe Mistrzostwa Polski Ekstraliga"]
[Site "Gorzow Wlkp. - Wroclaw - Katowice"]
[Date "1899-12-30"]
[Round "1.15"]
[White "Heberla, Bartlomiej"]
[Black "Paszewski, Mateusz"]
[Result "1/2-1/2"]
[WhiteTitle "GM"]
[BlackTitle "FM"]
[WhiteElo "2580"]
[BlackElo "2327"]

1. d4 d5 2. c4 c6 3. Nf3 Nf6 4. Nc3 e6 5. cxd5 exd5 6. Bg5 h6 7. Bh4 Bf5 8. e3
Nbd7 9. Bd3 Bxd3 10. Qxd3 Be7 11. h3 Nh5 12. Bxe7 Qxe7 13. O-O-O Nhf6 14. Qc2
O-O-O 15. Kb1 Kb8 16. Rc1 Nb6 17. Ne5 Nfd7 18. Nd3 Rc8 19. Qe2 Ka8 20. Qg4 Rhg8
21. Rc2 Rce8 22. Rhc1 Nf6 23. Qd1 Ne4 24. Ka1 Nd6 25. Re2 Qg5 26. g3 Qf5 27. h4
Rc8 28. Nc5 Rge8 29. Qb3 Rc7 30. Rec2 Rec8 31. Qb4 Qf6 32. b3 Rb8 33. N5a4 Nxa4
34. Nxd5 cxd5 35. Rxc7 Nb6 36. a4 Qd8 37. Ka2 Nbc8 38. Qc5 Ne7 39. a5 a6 40. Qb6
Nec8 41. Rxc8 Rxc8 42. Rxc8+ Qxc8 43. Qxd6 Qc2+ 44. Ka3 Qxf2 45. Qd8+ Ka7 46.
Qb6+ Ka8 47. Qd8+ Ka7 48. Qxd5 Qxe3 49. Qc5+ Ka8 50. Qc8+ Ka7 51. Qc5+ Ka8 52.
Qc8+ 1/2-1/2

[Event "Druzynowe Mistrzostwa Polski Ekstraliga"]
[Site "Gorzow Wlkp. - Wroclaw - Katowice"]
[Date "1899-12-30"]
[Round "1.17"]
[White "Klim, Kamil"]
[Black "Tomaszewski, Roman"]
[Result "1/2-1/2"]
[WhiteTitle "m"]
[BlackTitle "IM"]
[WhiteElo "2364"]
[BlackElo "2297"]

1. d4 d5 2. c4 e6 3. Nf3 c6 4. e3 f5 5. Bd3 Nf6 6. O-O Bd6 7. b3 O-O 8. Qe2 Bd7
9. Ba3 Bxa3 10. Nxa3 Be8 11. Ne5 Bh5 12. f3 Nfd7 13. Nxd7 Nxd7 14. Qd2 Qe7 15.
Nc2 Kh8 16. Rae1 dxc4 17. Bxc4 e5 18. Rf2 Rad8 19. Qa5 b6 20. Qc3 c5 21. Bb5 e4
22. fxe4 Nf6 23. Bd3 fxe4 24. Be2 Bxe2 25. Rexe2 Rc8 26. Qb2 Rfd8 27. Rf5 c4 28.
bxc4 Rxc4 29. Na3 Rb4 30. Qc1 Ra4 31. Nb1 Qd7 32. Re5 Rc8 33. Rc2 Rxc2 34. Qxc2
h6 35. h3 Rb4 36. Nd2 Rb5 37. Nxe4 Rxe5 38. dxe5 Nd5 39. Qd3 Qe6 40. Qd4 Kh7 41.
Nf2 Kg8 42. Nd3 g5 43. a3 Kf7 44. e4 Ne7 45. Kf2 Qa2+ 46. Kf3 Qxa3 47. Qc4+ Kf8
48. Kg4 Qa1 49. Kg3 Qa3 50. Kg4 Qa1 51. Kg3 Qa3 1/2-1/2

[Event "Druzynowe Mistrzostwa Polski Ekstraliga"]
[Site "Gorzow Wlkp. - Wroclaw - Katowice"]
[Date "1899-12-30"]
[Round "1.19"]
[White "Klekowski, Maciej"]
[Black "Tomczak, Jacek"]
[Result "1/2-1/2"]
[WhiteTitle "IM"]
[BlackTitle "GM"]
[WhiteElo "2473"]
[BlackElo "2615"]

1. d4 Nf6 2. c4 g6 3. Nc3 d5 4. cxd5 Nxd5 5. e4 Nxc3 6. bxc3 Bg7 7. Qa4+ Nd7 8.
Nf3 O-O 9. Be2 c6 10. O-O e5 11. Bg5 Qc7 12. Rfe1 Re8 13. Bf1 b5 14. Qc2 a6 15.
Bh4 c5 16. a4 Rb8 17. axb5 axb5 18. Bg3 c4 19. Rab1 Rb6 20. Qd2 Bb7 21. dxe5 Nxe5
22. Nxe5 Bxe5 23. Bxe5 Rxe5 24. Qf4 Rc6 25. Red1 Rcc5 26. Qf6 Re8 27. f3 Bc8 28.
Rd6 Be6 29. Rbd1 Qe7 30. Qxe7 Rxe7 31. Kf2 Rb7 32. Rb1 b4 33. Rxb4 Rxb4 34. cxb4
Rb5 35. Rd2 Rxb4 36. Rc2 h5 37. h4 Kg7 38. Ke3 Kf6 39. f4 Ke7 40. Kd4 c3+ 41.
Ke3 Rxe4+ 42. Kxe4 1/2-1/2

[Event "Druzynowe Mistrzostwa Polski Ekstraliga"]
[Site "Gorzow Wlkp. - Wroclaw - Katowice"]
[Date "1899-12-30"]
[Round "1.21"]
[White "Leniart, Arkadiusz"]
[Black "Czarnota, Pawel"]
[Result "1/2-1/2"]
[WhiteTitle "IM"]
[BlackTitle "GM"]
[WhiteElo "2479"]
[BlackElo "2561"]

1. e4 c5 2. Nf3 d6 3. d4 cxd4 4. Nxd4 Nf6 5. Nc3 Nc6 6. Nb3 e5 7. Bg5 Be7 8. Be2
Nxe4 9. Nxe4 Bxg5 10. Nxd6+ Ke7 11. Nxc8+ Rxc8 12. Bg4 Qxd1+ 13. Rxd1 Rcd8 14.
Ke2 b6 15. c3 g6 16. Bf3 Rxd1 17. Rxd1 Rc8 18. g3 f5 19. Bd5 e4 20. Nd4 Nxd4+
21. Rxd4 Bc1 22. Rb4 Kd6 23. Bb7 Rc7 24. Ba6 Ke5 25. Kd1 Bg5 26. Rd4 Be7 27. Ke2
Bg5 28. Kd1 Be7 29. Ke2 Bg5 30. Kd1 Be7 1/2-1/2

[Event "Druzynowe Mistrzostwa Polski Ekstraliga"]
[Site "Gorzow Wlkp. - Wroclaw - Katowice"]
[Date "1899-12-30"]
[Round "1.23"]
[White "Druska, Juraj"]
[Black "Szelag, Marcin"]
[Result "1-0"]
[WhiteTitle "IM"]
[BlackTitle "IM"]
[WhiteElo "2430"]
[BlackElo "2466"]

1. e4 e6 2. d4 d5 3. Nd2 c5 4. Ngf3 Nc6 5. exd5 exd5 6. Bb5 Bd6 7. O-O cxd4 8.
Nxd4 Nge7 9. Re1 O-O 10. N2f3 Bg4 11. Be2 Qb6 12. Be3 Qxb2 13. Rb1 Qxa2 14. Ra1
Qb2 15. Rb1 Qc3 16. Nb5 Qf6 17. Nxd6 Qxd6 18. Rxb7 Nf5 19. Bc1 Rfe8 20. Bb2 h6
21. h3 Bxf3 22. Bxf3 Nfd4 23. Re3 Rxe3 24. fxe3 Nxf3+ 25. Qxf3 Qg6 26. Qxd5 Rd8
27. Qf3 Rd2 28. Bd4 Rxc2 29. Bxa7 Ne5 30. Qd5 Rc1+ 31. Kh2 Rf1 32. Qxe5 Rf5 33.
Qb8+ Kh7 34. Rb2 Qe6 35. Bd4 Qc6 36. Qg3 Rg5 37. Qf3 Qe6 38. Rf2 f6 39. Qf4 Rd5
40. Qc7 Kg6 41. Rf3 Rg5 42. Rg3 Qe4 43. Qf4 Qd3 44. h4 Rxg3 45. Qxg3+ Kh7 46.
Qg4 Kh8 47. h5 Kg8 48. Qg6 Qf1 49. Bxf6 Qxf6 50. Qxf6 gxf6 51. Kg3 Kf7 52. Kf4
Ke6 53. g4 Ke7 54. Kf5 Kf7 55. e4 1-0

[Event "Druzynowe Mistrzostwa Polski Ekstraliga"]
[Site "Gorzow Wlkp. - Wroclaw - Katowice"]
[Date "1899-12-30"]
[Round "1.24"]
[White "Warakomska, Anna"]
[Black "Leks, Maria"]
[Result "1/2-1/2"]
[WhiteTitle "WIM"]
[BlackTitle "WCM"]
[WhiteElo "2273"]
[BlackElo "2129"]

1. e4 e5 2. Nf3 Nc6 3. Bb5 a6 4. Ba4 Nf6 5. O-O Be7 6. d3 b5 7. Bb3 O-O 8. Nc3
d6 9. a3 Bg4 10. Be3 Rb8 11. Nd5 Nxd5 12. Bxd5 Qd7 13. Bxc6 Qxc6 14. Nxe5 dxe5
15. Qxg4 Qxc2 16. Rac1 Qxb2 17. Bh6 Bf6 18. Rc6 Kh8 19. Rxf6 gxh6 20. Qh4 Rb6
21. Qxh6 Qxa3 22. Rxb6 cxb6 23. Qf6+ Kg8 24. Qg5+ Kh8 25. Qxe5+ f6 26. Qd4 Qc5
27. Qa1 a5 28. d4 Qc6 29. d5 Qc4 30. f3 b4 31. Rc1 Qd3 32. Rc8 Qe3+ 33. Kf1 Qd3+
34. Kg1 Qe3+ 35. Kf1 1/2-1/2

[Event "Druzynowe Mistrzostwa Polski Ekstraliga"]
[Site "Gorzow Wlkp. - Wroclaw - Katowice"]
[Date "1899-12-30"]
[Round "1.25"]
[White "Bartel, Mateusz"]
[Black "Krzyzanowski, Marcin"]
[Result "1/2-1/2"]
[WhiteTitle "GM"]
[BlackTitle "IM"]
[WhiteElo "2637"]
[BlackElo "2457"]

1. d4 Nf6 2. Bg5 g6 3. Nd2 d5 4. Bxf6 exf6 5. e3 Bg7 6. Bd3 f5 7. Ne2 Nd7 8. Nf4
Nf6 9. c4 O-O 10. c5 Ne4 11. Rc1 c6 12. O-O Re8 13. b4 Bh6 14. Nb3 Qf6 15. g3
Bd7 16. Ng2 Ng5 17. a4 Ne6 18. b5 Reb8 19. Qe2 Qd8 20. Rc2 Qc7 21. Rb1 Re8 22.
Qd1 Nd8 23. h4 Bf8 24. Qe1 Ne6 25. Qc1 Qd8 26. Nd2 Bh6 27. Nf3 f6 28. Rcb2 Qc7
29. Qc3 Reb8 30. a5 Bf8 31. h5 Kf7 32. Ngh4 Be7 33. Qc2 Ng7 34. hxg6+ hxg6 35.
a6 bxa6 36. bxc6 Rxb2 37. Rxb2 Bxc6 38. Bxa6 Rb8 39. Qb1 Rxb2 40. Qxb2 g5 41.
Ng2 Ke6 42. Nfe1 Qa5 43. Bc8+ Kf7 44. Bb7 Qc7 45. Bxc6 Qxc6 46. Qa2 Qb7 47. Nd3
Ne6 48. Nge1 Bd8 49. f4 g4 50. Qc2 Qb5 51. Qa2 Qb7 52. Kf2 a5 53. Ng2 Qb5 54.
Ke2 Nc7 55. Nh4 Ke6 56. Qc2 a4 57. Kd1 a3 58. Nc1 Kd7 59. Nxf5 Na6 60. Qb3 Qxb3+
61. Nxb3 Nb4 62. Nh6 Kc6 63. Nxg4 Kb5 64. Nf2 Kc4 65. Nd2+ 1/2-1/2

[Event "Druzynowe Mistrzostwa Polski Ekstraliga"]
[Site "Gorzow Wlkp. - Wroclaw - Katowice"]
[Date "1899-12-30"]
[Round "1.27"]
[White "Sadzikowski, Daniel"]
[Black "Wieczorek, Zbigniew"]
[Result "1/2-1/2"]
[WhiteTitle "IM"]
[BlackTitle "FM"]
[WhiteElo "2548"]
[BlackElo "2308"]

1. e4 g6 2. d4 Bg7 3. Nc3 a6 4. f4 d5 5. Nxd5 e6 6. Nc3 Qxd4 7. Bd3 Nc6 8. Nf3
Qb4 9. O-O Nf6 10. Qe2 O-O 11. a3 Qe7 12. Kh1 Nd7 13. Be3 Nc5 14. Rad1 Bxc3 15.
bxc3 Na4 16. Qe1 b5 17. e5 Bb7 18. f5 exf5 19. Bg5 f6 20. Bxf6 Rxf6 21. exf6 Qxf6
22. c4 Nc3 23. Rd2 b4 24. c5 Kh8 25. axb4 Nxb4 26. Bc4 Bd5 27. Bxd5 Nbxd5 28.
c6 Kg8 29. Rd3 Rd8 30. Ne5 Ne4 31. Ng4 Qxc6 32. Qh4 Rd6 33. Rh3 Ndf6 34. Nxf6+
Nxf6 35. Qb4 Qb5 36. Qxb5 axb5 37. Rc3 c6 38. Kg1 Re6 39. Ra1 Nd5 40. Rc5 Kf7
41. Ra7+ Ne7 42. Kf2 Kf6 1/2-1/2

[Event "Druzynowe Mistrzostwa Polski Ekstraliga"]
[Site "Gorzow Wlkp. - Wroclaw - Katowice"]
[Date "1899-12-30"]
[Round "1.28"]
[White "Jaworski, Miroslaw"]
[Black "Moranda, Wojciech"]
[Result "1/2-1/2"]
[WhiteTitle "IM"]
[BlackTitle "GM"]
[WhiteElo "2236"]
[BlackElo "2595"]

1. e4 c5 2. Nf3 d6 3. d4 cxd4 4. Nxd4 Nf6 5. Nc3 a6 6. g3 e6 7. Bg2 Be7 8. O-O
O-O 9. Be3 Bd7 10. a4 Nc6 11. Nxc6 Bxc6 12. a5 Rc8 13. Bb6 Qe8 14. Re1 Nd7 15.
Bd4 Qd8 16. Na4 Qc7 17. Nb6 Nxb6 18. Bxb6 Qd7 19. c4 f5 20. Qd2 fxe4 21. Bxe4
Bxe4 22. Rxe4 Rf6 23. Rae1 Bf8 24. b3 Re8 25. h4 Qf7 26. Qe2 h5 27. Kg2 e5 28.
Rd1 Rf5 29. Rd3 Be7 30. c5 dxc5 31. Rxe5 Rxe5 32. Qxe5 Bxh4 33. Qxc5 1/2-1/2

[Event "Druzynowe Mistrzostwa Polski Ekstraliga"]
[Site "Gorzow Wlkp. - Wroclaw - Katowice"]
[Date "1899-12-30"]
[Round "2.1"]
[White "Mista, Aleksander"]
[Black "Krzyzanowski, Marcin"]
[Result "1/2-1/2"]
[WhiteTitle "GM"]
[BlackTitle "IM"]
[WhiteElo "2606"]
[BlackElo "2457"]

1. e4 c6 2. d4 d5 3. Nd2 dxe4 4. Nxe4 Bf5 5. Ng3 Bg6 6. h4 h6 7. Nf3 e6 8. h5 Bh7
9. Bd3 Bxd3 10. Qxd3 Nf6 11. Bd2 Be7 12. O-O-O O-O 13. Ne4 Nxe4 14. Qxe4 Qd5 15.
Qg4 Kh8 16. Kb1 Nd7 17. Qf4 a5 18. g4 a4 19. Rhg1 Bd6 20. Qe3 Nb6 21. Ne5 Bxe5
22. dxe5 Nc4 23. Qc3 Nxd2+ 24. Rxd2 Qa5 25. Qxa5 Rxa5 26. f4 Rd5 27. Kc1 f6 28.
exf6 Rxf6 29. Rf1 Kg8 30. c4 Rc5 31. b3 axb3 32. axb3 b5 33. Rd4 bxc4 34. bxc4
e5 35. Re4 exf4 36. Rfxf4 Kf7 1/2-1/2

[Event "Druzynowe Mistrzostwa Polski Ekstraliga"]
[Site "Gorzow Wlkp. - Wroclaw - Katowice"]
[Date "1899-12-30"]
[Round "2.5"]
[White "Grela, Kacper"]
[Black "Orzechowski, Jacek"]
[Result "1/2-1/2"]
[WhiteTitle "FM"]
[BlackTitle "m"]
[WhiteElo "2312"]
[BlackElo "2087"]

1. e4 c6 2. c4 e5 3. Nf3 d6 4. d4 Nd7 5. Nc3 Ngf6 6. Be2 Be7 7. O-O O-O 8. b4 Re8
9. d5 c5 10. a3 g6 11. Ne1 a5 12. bxa5 Rxa5 13. Bd3 Nh5 14. g3 Bg5 15. f4 exf4
16. gxf4 Bf6 17. Bd2 Bd4+ 18. Kh1 Ndf6 19. Qf3 Ng4 20. Ng2 f5 21. exf5 gxf5 22.
Nb5 Rxb5 23. cxb5 Bxa1 24. Rxa1 Qf6 25. Rf1 Qb2 26. Bc1 Qd4 27. h3 Ngf6 28. Rg1
Kf8 29. Nh4 Qxd5 30. Qxd5 Nxd5 31. Nxf5 Bxf5 32. Bxf5 Nc3 33. Bxh7 Ne2 34. Rg8+
Kf7 35. Rxe8 Kxe8 36. Bg6+ Ke7 37. Bxh5 Nxc1 38. b6 d5 39. Bf3 Kd6 40. Kg1 Nd3
41. Kf1 c4 42. Ke2 Nxf4+ 43. Ke3 c3 44. Bd1 Ke5 45. h4 d4+ 46. Kf3 Nd5 47. Ke2
Nxb6 48. h5 Nc4 49. h6 Kf6 50. Kd3 Nxa3 51. Kxd4 c2 52. Bxc2 Nxc2+ 53. Kc5 Kg6
54. Kb6 Kxh6 55. Kxb7 1/2-1/2

[Event "Druzynowe Mistrzostwa Polski Ekstraliga"]
[Site "Gorzow Wlkp. - Wroclaw - Katowice"]
[Date "1899-12-30"]
[Round "2.6"]
[White "Zemlickova, Olena"]
[Black "Sliwicka, Alicja"]
[Result "1/2-1/2"]
[WhiteTitle "WIM"]
[BlackTitle "WFM"]
[WhiteElo "2066"]
[BlackElo "2178"]

1. d4 d5 2. Bf4 Nf6 3. e3 e6 4. Bd3 c5 5. c3 Nc6 6. Nf3 Bd6 7. Bg3 O-O 8. Nbd2
Qe7 9. Ne5 Nd7 10. Nxd7 Qxd7 11. Bxd6 Qxd6 12. dxc5 Qxc5 13. Bxh7+ Kxh7 14. Qh5+
Kg8 15. Ne4 g6 16. Qg5 Qe7 17. Nf6+ Kg7 18. Nh5+ Kg8 19. Nf6+ Kg7 20. Nh5+ Kg8
21. Nf6+ Kg7 22. Nh5+ Kg8 23. Nf6+ 1/2-1/2

[Event "Druzynowe Mistrzostwa Polski Ekstraliga"]
[Site "Gorzow Wlkp. - Wroclaw - Katowice"]
[Date "1899-12-30"]
[Round "2.8"]
[White "Mastrovasilis, Dimitrios"]
[Black "Markowski, Tomasz"]
[Result "1/2-1/2"]
[WhiteTitle "GM"]
[BlackTitle "GM"]
[WhiteElo "2580"]
[BlackElo "2556"]

1. e4 c5 2. Nf3 e6 3. d4 cxd4 4. Nxd4 a6 5. Bd3 Nf6 6. Qe2 d6 7. Be3 Nbd7 8. Nd2
b6 9. f4 Bb7 10. N4b3 Be7 11. O-O-O e5 12. fxe5 Nxe5 13. Nc4 Nfd7 14. Nxe5 Nxe5
15. Bf4 Bf6 16. h4 O-O 17. g4 Re8 18. Nd2 Qc7 19. g5 Nxd3+ 20. Qxd3 Be5 21. Bxe5
Rxe5 22. Rhe1 Rae8 23. Nc4 Rxe4 24. Rxe4 Bxe4 25. Qe2 Bc6 26. Qf2 Bf3 27. Re1
Be4 28. Qd4 Qc6 29. c3 d5 30. Nxb6 Rb8 31. Na4 Qc7 32. Qf2 Rc8 33. b3 Qd6 34.
Kb2 h6 35. Qd2 Rc6 36. b4 hxg5 37. hxg5 a5 38. a3 Qb8 39. Qe3 axb4 40. axb4 Re6
41. Nc5 Re8 42. Qd2 Qg3 1/2-1/2

[Event "Druzynowe Mistrzostwa Polski Ekstraliga"]
[Site "Gorzow Wlkp. - Wroclaw - Katowice"]
[Date "1899-12-30"]
[Round "2.10"]
[White "Moranda, Wojciech"]
[Black "Warakomski, Tomasz"]
[Result "1/2-1/2"]
[WhiteTitle "GM"]
[BlackTitle "GM"]
[WhiteElo "2595"]
[BlackElo "2511"]

1. d4 Nf6 2. c4 e6 3. Nc3 Bb4 4. e3 O-O 5. Nge2 c6 6. a3 Ba5 7. b4 Bc7 8. e4 d5
9. e5 Ne8 10. c5 a5 11. b5 b6 12. cxb6 Bxb6 13. Ng1 f6 14. Nf3 fxe5 15. Nxe5 Nd6
16. Be3 Nf5 17. Bd3 Nxe3 18. fxe3 Qh4+ 19. g3 Qg5 20. Qe2 cxb5 21. Nxb5 Nd7 22.
Nf3 Qh6 23. O-O Ba6 24. Nc3 Rac8 25. Na4 Bxd3 26. Qxd3 Bd8 27. Rae1 Nf6 28. Qa6
Rc2 29. Qxe6+ Kh8 30. Qf5 Ra2 31. Nc3 g6 32. Qg5 Rxh2 33. Qxh6 Rxh6 34. Ne5 Be7
35. Nb5 g5 36. Rf5 Rh3 37. Kg2 Rxg3+ 38. Kxg3 Ne4+ 39. Kg4 h5+ 40. Kxh5 Rxf5 41.
Kg4 Rf6 42. Nc7 Nf2+ 43. Kg3 Ne4+ 44. Kg4 Nf2+ 45. Kg3 Ne4+ 1/2-1/2

[Event "Druzynowe Mistrzostwa Polski Ekstraliga"]
[Site "Gorzow Wlkp. - Wroclaw - Katowice"]
[Date "1899-12-30"]
[Round "2.13"]
[White "Nasuta, Grzegorz"]
[Black "Klekowski, Maciej"]
[Result "1/2-1/2"]
[WhiteTitle "IM"]
[BlackTitle "IM"]
[WhiteElo "2454"]
[BlackElo "2473"]

1. e4 e5 2. Nf3 Nc6 3. Bc4 Bc5 4. O-O Nf6 5. d3 d6 6. c3 Bb6 7. a4 O-O 8. Re1 a5
9. h3 h6 10. Nbd2 Ne7 11. Nf1 Ng6 12. Ng3 c6 13. Bb3 d5 14. exd5 Nxd5 15. d4 exd4
16. Nxd4 Ndf4 17. Bxf4 Nxf4 18. Qf3 Bc7 19. Re4 Qf6 20. Nh5 Nxh5 21. Qxh5 Bd7
22. Rae1 Rae8 23. Rxe8 Rxe8 24. Rxe8+ Bxe8 25. Qg4 Qf4 26. Qxf4 Bxf4 27. Bc2 g6
28. Kf1 Kf8 29. Ke2 Ke7 30. Nb3 Bc7 31. h4 Bd7 32. Be4 Bg4+ 33. Bf3 Be6 34. Nc5
Bc8 35. b3 f5 36. Nd3 Bd6 37. g3 Be6 38. c4 Kd7 39. Ke3 b6 40. Kd4 c5+ 41. Ke3
Ke7 42. Bc6 g5 43. hxg5 hxg5 44. f4 Kf6 45. Nc1 gxf4+ 1/2-1/2